000 00523nam a22002177a 4500
003 UA-OsUOA
001 118576
007 ta
008 20160912b un ||||| |||| 00| 0 ukr d
100 _aМанько М.
090 _a908
_bМ24
942 _cSA
040 _aUA-OsUOA
_bukr
_cUA-OsUOA
_dUA-OsUOA
245 _a100-річний музей - у 650-літньому замку
300 _aС.7
955 _a0
041 _aukr
080 _a908
773 0 _w118574
650 7 _a908 Краєзнавство
_2UDC
999 _c404718
_d404718